000 00641nab a2200193 4500
001 244442
003 OSt
005 20260423113124.0
007 tu
008 260423s2020|||||||
040 _aDE-2950
_cDE-2950
245 0 0 _aNeue Anlaufstelle für junge Menschen
_bIm neuen Jugendbüro sollen unter anderem, Freiwilligendienste, internationale Projekte und Beratungsangebote für junge Menschen zusammenlaufen/
_cred
264 _c2026
653 _aFrankfurt (Oder)
653 _apewobe gGmbH
653 _aJugendbüro
773 0 _g37. Jahrgang (2026) Nr. 84 vom 11.04.2026 , S. 19 mit Foto
_tMärkische Oderzeitung
942 _2z
_cA
999 _c374377
_d374377